| 000 | 01951 a2200229 4500 | ||
|---|---|---|---|
| 001 | 41309 | ||
| 005 | 20260407155707.0 | ||
| 008 | 260407a2015 arg spa d | ||
| 003 | AR-UNSa-BCEJYS | ||
| 040 |
_aAR-UNSa-BCEJYS _bspa _cAR-UNSa-BCEJYS |
||
| 080 |
_a347.1/7(094.4) _xCódigo Civil y Comercial |
||
| 245 | 1 | 0 |
_aTemas de derecho civil, persona y patrimonio _pDerechos reales |
| 264 | 1 |
_aBuenos Aires : _bErreius _c2015 |
|
| 300 |
_a108 p. _c26 cm. |
||
| 505 | _a1. Una mirada fiscal acerca del derecho real de superficie / Daniel Barbato - 2. Los derechos reales de uso y abilitación bajo la lupa de la ley 26944 / Rocío Bintureira - 3. Dominio imperfecto / Romina G. de Lara - 4. Los derechos reales de garantía en el derecho nacional vigente / Miryam A. Farina - 5. El régimen legal de los bienes muebles en el nuevo Código Civil y Comercial / María A. Galatro - 6. El tiempo compartido a la luz del Código Civil y Comercial / Ethel Humphreys y Edgardo - 7. El acceso a la tierra, piedra angular del derecho indígena / Verónica Kozak y Gustavo J. Valdes - 8. Conjuntos inmobiliarios / Andrés Mastronardi - 9. Consideraciones críticas en torno al derecho real de superficie en el Código unificado / Adriana S. Morón - 10. Efectos de las relaciones de poder en el Código Civil y Comercial de la Nación / Leandro S. Picado y Fabián M. Loiza - 11. Principales innovaciones del Código Civil y Comercial de la Nación en materia de propiedad horizontal / Daiana Siciliano - 12. Los clubes de campo y su adecuación al derecho real como conjunto inmobiliario / Eduardo R. Romanello - 13. Las prohibiciones legales en materia de propiedad horizontal / Virginia M. Rodríguez Alonso | ||
| 041 | _aspa | ||
| 942 | _cBK | ||
| 590 | _aniveau_biblio:m niveau_hierar:0 | ||
| 100 | 1 | _aHumphreys, Ethel | |
| 700 | 1 | _aClerc, Carlos M. | |
| 856 | 4 | 1 |
_uhttps://biblioeco.unsa.edu.ar/pmb/images/libros/E00023.jpg _yImagen de portada _qimage/jpeg |
| 999 |
_c3453 _d3453 |
||